CREDERE OGGI. PARADISO COMPIMENTO DEL REGNO. N. I. ANNO X. GENNAIO FEBBRAIO 1990. (55). (Record n. 319881)

Dettagli MARC
000 -LEADER
fixed length control field 01697nas a2200277Ia 4500
001 - CONTROL NUMBER
control field R200-R1806
003 - CONTROL NUMBER IDENTIFIER
control field IT-CnALBA
008 - FIXED-LENGTH DATA ELEMENTS--GENERAL INFORMATION
fixed length control field 170116c99999999xx |||||||||||| ||und||
040 ## - CATALOGING SOURCE
Original cataloging agency IT-CnALBA
Transcribing agency IT-CnALBA
041 ## - LANGUAGE CODE
Language code of text/sound track or separate title ITALIANO
999 ## - SYSTEM CONTROL NUMBERS (KOHA)
Koha Dewey Subclass [OBSOLETE] NO
100 ## - MAIN ENTRY--PERSONAL NAME
Personal name CAVEDO ROMEO
210 ## - ABBREVIATED TITLE
Abbreviated title CREDERE OGGI
222 ## - KEY TITLE
Key title CREDERE OGGI
245 #0 - TITLE STATEMENT
Title CREDERE OGGI. PARADISO COMPIMENTO DEL REGNO. N. I. ANNO X. GENNAIO FEBBRAIO 1990. (55).
250 ## - EDITION STATEMENT
Edition statement 1a ed.
260 ## - PUBLICATION, DISTRIBUTION, ETC. (IMPRINT)
Place of publication, distribution, etc. PADOVA
Name of publisher, distributor, etc. MESSAGGERO EDIZIONI
Date of publication, distribution, etc. 1990
300 ## - PHYSICAL DESCRIPTION
Extent 128 p.
310 ## - CURRENT PUBLICATION FREQUENCY
Current publication frequency BIMESTRALE
362 ## - DATES OF PUBLICATION AND/OR SEQUENTIAL DESIGNATION
Dates of publication and/or sequential designation Fascicolo: 1 / Anno: 10 (1990)
500 ## - GENERAL NOTE
General note ORIENTAMENTO AGGIORNAMENTO TEOLOGIA. EDITORIALE. RIZZI A. TERRIN A.N. ZANON G. POLONIATO L. PANTEGHINI G. FRANCHINI E. INVITO ALLA LETTURA. BIBLIOGRAFIA. PARADISO CRISTIANO. MESSIANISMI LAICI. PARADISO NOSTALGIA E STORIA DELLE RELIGIONI. REGNO DI DIO NELL'ANTICO E NUOVO TESTAMENTO. LITURGIA ANTICIPAZIONE DEL MISTERO DEL REGNO DI DIO. PARADISO STORIA E DOTTRINA. PROMOZIONE UMANA E PROMOZIONE DEL REGNO. ANNUNZIO DEL PARADISO E DEL REGNO.
501 ## - WITH NOTE
With note Società San Paolo EM - Piazza San Paolo, 14 - 12051 ALBA (CN) (non commercial uses only) ® Copyright 2017
520 ## - SUMMARY, ETC.
Summary, etc. ORIENTAMENTO AGGIORNAMENTO TEOLOGIA. EDITORIALE. RIZZI A. TERRIN A.N. ZANON G. POLONIATO L. PANTEGHINI G. FRANCHINI E. INVITO ALLA LETTURA. BIBLIOGRAFIA. PARADISO CRISTIANO. MESSIANISMI LAICI. PARADISO NOSTALGIA E STORIA DELLE RELIGIONI. REGNO DI DIO NELL'ANTICO E NUOVO TESTAMENTO. LITURGIA ANTICIPAZIONE DEL MISTERO DEL REGNO DI DIO. PARADISO STORIA E DOTTRINA. PROMOZIONE UMANA E PROMOZIONE DEL REGNO. ANNUNZIO DEL PARADISO E DEL REGNO.
650 ## - SUBJECT ADDED ENTRY--TOPICAL TERM
Topical term or geographic name as entry element MISCELLANEA DI RELIGIONE
942 ## - ADDED ENTRY ELEMENTS (KOHA)
Koha item type RIVISTA
957 ## -
-- 1
999 ## - SYSTEM CONTROL NUMBERS (KOHA)
-- 1
Dati di copia
Withdrawn status Lost status Damaged status Not for loan Home library Current library Date acquired Total Checkouts Full call number Date last seen Price effective from Koha item type Public note
    Buone Condizioni Not For Loan ALBA - Biblioteca ALBA - Biblioteca 16/01/2017   R200-R1806 16/01/2017 16/01/2017 RIVISTA (data import: 16 gennaio 2017) - By Epidotti, Vaglietti.
CREDITS: SOCIETA' SAN PAOLO Via A.Severo, 58 - ROMA (RM) & PERIODICI SAN PAOLO SRL Via Giotto, 36 MILANO & CISF Via Giotto, 36 MILANO & EDIZIONI SAN PAOLO SRL,  Piazza Soncino, 5 CINISELLO BALSAMO (MI) -- ITALY